Statistics for Circle of Life

Click here to take the quiz!

General Stats

  • This quiz has been taken 2,679 times
  • The average score is 14 of 20

Answer Stats

Hint Answer % Correct
It's the Circle of __________Life
96%
There's more to see then can ever be _______Seen
93%
More to do than can ever be __________Done
93%
More to find than can ever be_____________Found
90%
And blinking step into the _____Sun
87%
on the _____________Planet
86%
From the day we _______________Arrive
85%
In the ________Circle
80%
And it moves us ________All
79%
The __________ of ___________Circle, Life
70%
There's far too much to take in _________Here
66%
'Till we find our _________Place
62%
On the __________ _______________Path Unwinding
58%
But the sun __________ ________Rolling High
58%
through the __________ ____________Sapphire sky
58%
Keep great and _______Small
50%
Type in CHORUS to winCHORUS
46%
Through __________ and _________Faith, Love
40%
Through ___________ and ____________Despair, Hope
37%
On the _______________ ______________Endless round
37%

Score Distribution

Percentile by Number Answered

Percent of People with Each Score

Your Score History

You have not taken this quiz